=LDR 00000nam 2200000 4500 =001 INLIS000000000011426 =005 20130612103006 =008 ***********************************Ind** =035 ##$$0010-061300000011426 =041 ##$$a Ind =082 ##$$a 959.8 =090 ##$$a 959.8, Tan t =245 ##$$a Tantangan dan Peluang 1993, Butir butir pemeliharaan Jendral Soemitro, Editor, M.Abrianto =260 ##$$a 1991 $b Jakarta =300 ##$$a 185 hlm., 21 cm =650 ##$$a Indonesia- Politik Dan Pemerintahan =850 ##$$a NBPNMAT